| 000 | 01128cam a22001934a 4500 | ||
|---|---|---|---|
| 005 | 20250605164218.0 | ||
| 008 | 250528s ||||||||||||||||||||||||d | ||
| 035 | _a20573 | ||
| 040 |
_aGR-AtMCL _bgre _dGR-AtMCL _eAACR2 |
||
| 245 | 1 | _aΌπλισμένο Σκυρόδεμα Ια / Σημειώσεις από τις Παραδόσεις του Μαθήματος (7ου Εξαμήνου) | |
| 260 |
_bΔημοκρίτειο Πανεπιστήμιο Θράκης, _c2001 |
||
| 300 | _a212 | ||
| 520 | _aΕισαγωγή, Γενικές Αρχές Σχεδιασμού, Συνεργασία Χάλυβα - Σκυροδέματος, Αγκυρώσεις, Σχεδιασμός Έναντι Ορθής Έντασης, Πλακοδοκός, Σχεδιασμός Έναντι Διάτμησης, Σχεδιασμός Έναντι Στρέψης, Διάτρηση, Οριακή Κατάσταση Λειτουργικότητας (Ρηγμάτωση - Παραμορφώσεις). | ||
| 700 | 1 |
_aΚαραγιάννης Χρ _96546 |
|
| 700 | 1 |
_aΟικονόμου Χρ _96547 |
|
| 942 | _cBK | ||
| 999 |
_c5664 _d5664 |
||